| 000 | 00641nam a2200169Ia 4500 | ||
|---|---|---|---|
| 003 | GCL | ||
| 005 | 20240530110153.0 | ||
| 008 | 140319s9999 xx 000 0 ara d | ||
| 040 |
_aGCL / _cGCL |
||
| 082 | 0 | 4 |
_a350 _bإ أ |
| 100 | 0 | _aابراهيم عبدالعزيز شيحا | |
| 245 | 1 | 0 |
_aاصول الادارة العامة : _bماهية الادارة العامة - تعريفها وطبيعتها واهم مشكلاتها / _cابراهيم عبدالعزيز شيحا |
| 260 |
_aالاسكندرية : _bمنشاة المعارف ، _c1993 |
||
| 300 | _a465 ص | ||
| 490 |
_aالكتب القانونية _v0 |
||
| 942 |
_2ddc _cBK |
||
| 999 |
_c59155 _d59155 |
||